Hamilton Lyrics Sort #27 - Say No To This - Statistics

General Stats
  • This quiz has been taken 18 times
  • The average score is 33 of 85
Answer Stats
Hint Answer % Correct
Line 6 I hadn't slept in a week, I was weak, I was awake
100%
Line 5 I'll let him tell it
92%
Line 1 There's nothing like summer in the city
92%
Line 3 There's trouble in the air, you can smell it
92%
Line 4 And Alexander's by himself
85%
Line 17 Beatin' me, cheatin' me, mistreatin' me
85%
Line 19 I don't have the means to go on
85%
Line 11 I know you are a man of honor
85%
Line 12 I'm so sorry to bother you at home
85%
Line 16 My husband's doin' me wrong
85%
Line 10 She said [1]
85%
Line 2 Someone under stress meets someone looking pretty
85%
Line 18 Suddenly he's up and gone
85%
Line 9 That's when Miss Maria Reynolds walked into my life
85%
Line 7 You've never seen a bastard orphan more in need of a break
85%
Line 14 And I came here all alone
77%
Line 8 Longing for Angelica, missing my wife
77%
Line 23 She lived a block away, she said, (this one's mine, sir)
77%
Line 27 Hey, (hey)
69%
Line 22 I gave her thirty bucks that I had socked away
69%
Line 21 I offered to walk her home, she said (you're too kind, sir)
69%
Line 26 Let her legs spread and said, (stay)
69%
Line 15 She said [2]
69%
Line 25 She turned red, she led me to her bed
69%
Line 20 So I offered her a loan
69%
Line 13 But I don't know where to go
62%
Line 28 That's when I began to pray
62%
Line 24 Then I said, "Well, I should head back home"
62%
Line 29 Lord, show me how to say no to this
54%
Line 30 I don't know how to say no to this [1]
46%
Line 32 And her body's saying, "Hell, yes"
31%
Line 31 But my God, she looks so helpless
31%
Line 34 I don't know how to say no to this [2]
31%
Line 35 In my mind, I'm tryna go (go, go, go!)
31%
Line 33 No, show me how to say no to this (whoa) [1]
31%
Line 38 Say no to this, no, no! [2]
31%
Line 36 Then her mouth is on mine, and I don't say (no, no!)
31%
Line 57 A mess, she looked pathetic
23%
Line 43 A month into this endeavor I received a letter from a Mr. James Reynolds
23%
Line 51 And hey, you can keep seein' my whore wife if the price is right
23%
Line 46 And in a prosperous enough position to put wealth
23%
Line 45 Dear Sir, I hope this letter finds you in good health
23%
Line 56 Half dressed, apologetic
23%
Line 63 How could I do this?
23%
Line 61 I am ruined (please don't leave me with him)
23%
Line 52 If not, I'm telling your wife
23%
Line 53 I hid the letter and I raced to her place
23%
Line 47 In the pockets of people like me down on their luck
23%
Line 42 I said that last time, it became a pastime
23%
Line 41 I wish I could say that was the last time
23%
Line 64 Just give him what he wants, and you can have me (I don't want you)
23%
Line 37 Say no to this, no, no! [1]
23%
Line 54 Screamed, "How could you?" in her face
23%
Line 58 She cried, (please don't go, sir!)
23%
Line 55 She said, (no, sir!)
23%
Line 50 So time to pay the piper for the pants you unbuckled
23%
Line 59 So was your whole story a setup? (I don't know about any letter)
23%
Line 60 Stop crying, goddamnit, get up (I didn't know any better)
23%
Line 49 Uh-oh, you made the wrong sucker a cuckold
23%
Line 48 You see, that was my wife who you decided to fuck
23%
Line 44 Even better, it said
15%
Line 62 I am helpless (I am helpless)
15%
Line 66 If you pay, you can stay
15%
Line 85 Nobody needs to know
15%
Line 39 Say no to this, no, no! [3]
15%
Line 84 So?
15%
Line 65 Whatever you want (I don't want you)
15%
Line 70 And her body's screaming, "Hell, yes"
8%
Line 69 But the situation's helpless (helpless)
8%
Line 72 How can I say no to this
8%
Line 68 I don't know how to say no to this [3]
8%
Line 67 Lord, show me how to say no to this (tonight)
8%
Line 71 No, show me how to say no to this (whoa) [2]
8%
Line 40 Say no to this!
8%
Line 82 Say no to this, I don't say no to this
8%
Line 73 There is nowhere I can go (go, go, go) [1]
8%
Line 83 There is nowhere I can go (go, go, go) [2]
8%
Line 74 When her body's on mine, I do not say (no)
8%
Line 75 Yes (say no to this) [1]
8%
Line 77 Yes (say no to this) [2]
8%
Line 79 Yes (say no to this) [3]
8%
Line 81 Yes (say no to this) [4]
8%
Line 76 (No!) Yes! [1]
0%
Line 78 (No!) Yes! [2]
0%
Line 80 (No!) Yes! [3]
0%
No matching quizzes found
Score Distribution
Percent of People with Each Score
Percentile by Number Answered
Your Score History
You have not taken this quiz